banner koha

Técnicas de citologia aspirativa, biópsia e citobloco de medula óssea para identificação e determinação de intensidade parasitária na leishmaniose visceral canina (Registro n. 327771)

MARC details
000 -LÍDER
fixed length control field 04190nab a2200349 i 4500
003 - CÓDIGO MARC DA AGÊNCIA CATALOGADORA
Campo de controle BR-BrBNA
005 - DATA E HORA DA ÚLTIMA ATUALIZAÇÃO
Campo de controle 20240923141550.0
008 - CAMPO DE TAMANHO FIXO
fixed length control field 240923b2018 bl.|r|pooa||| 00| 0 por |
040 ## - FONTE DA CATALOGAÇÃO
Agência catalogadora BR-BrBNA
Idioma da catalogação por
072 ## - CATEGORIA AGRIS
Código AGRIS L73
Código do objeto 5400
072 ## - CATEGORIA AGRIS
Código AGRIS L70
100 ## - ENTRADA PRINCIPAL - NOME PESSOAL
Nome pessoal Antunes, T.R.
100 ## - ENTRADA PRINCIPAL - NOME PESSOAL
Nome pessoal Godoy, K.C.S.
100 ## - ENTRADA PRINCIPAL - NOME PESSOAL
Nome pessoal Oliveira, G.G.
100 ## - ENTRADA PRINCIPAL - NOME PESSOAL
Nome pessoal Silveira, A.W.
100 ## - ENTRADA PRINCIPAL - NOME PESSOAL
Nome pessoal Ramos, C.A.N.R.
100 ## - ENTRADA PRINCIPAL - NOME PESSOAL
Nome pessoal Souza, A.I.
245 ## - TÍTULO PRINCIPAL
Título principal Técnicas de citologia aspirativa, biópsia e citobloco de medula óssea para identificação e determinação de intensidade parasitária na leishmaniose visceral canina
500 ## - NOTA GERAL
Nota geral <br/>Publicação online; 25 ref.; Summaries (En, Pt)
942 ## - ADDED ENTRY ELEMENTS (KOHA)
Koha item type Analítica
520 ## - NOTA DE RESUMO
Nota de conteúdo <br/><br/>RESUMO - O objetivo com este estudo foi comparar as técnicas de citologia aspirativa, biópsia e citobloco para identificação e quantificação parasitológica de Leishmania (Leishmania) infantum chagasi em medula óssea de cães. Amostras de tecido medular de 26 animais, em diferentes estágios clínico-laboratoriais da doença, foram estudadas obedecendo-se os mesmos critérios de investigação nas técnicas de citologia aspirativa, biópsia e citobloco. O menor número de campos para a confirmação parasitológica foi constatado no esfregaço direto obtido por citologia aspirativa. O estágio clínico-laboratorial não influenciou no número de campos necessários para a primeira visualização do agente em nenhuma das técnicas (p>0,05), e menor intensidade parasitária foi observada nas lâminas de citobloco. As técnicas de citologia aspirativa e biópsia concordaram na estimativa do coeficiente de infectividade no tecido estudado (p<0,05). Apesar de a técnica de citobloco permitir a concentração de células e o melhor reaproveitamento de amostras, não demonstrou ser um método adequado para rápida identificação e quantificação parasitológica na leishmaniose visceral canina. Considerando-se suas vantagens, a citologia aspirativa foi o melhor método para detecção microscópica do parasito e determinação do nível de intensidade parasitária no tecido estudado.<br/><br/><br/>Palavras-chave: cão, diagnóstico parasitológico, Leishmania
520 ## - NOTA DE RESUMO
Nota de conteúdo <br/><br/>ABSTRACT - The aim of the present study was to compare the aspiration cytology, biopsy and cell block techniques for identification and parasitological quantification of Leishmania (Leishmania) infantum chagasi in dog bone marrow. Bone marrow tissue samples from 26 animals, in different clinical-laboratory stages of the disease, were studied according to the same criteria of investigation in the aspiration cytology, biopsy and cell block techniques. The lowest number of fields for the parasitological confirmation was found in the direct smear obtained by aspiration cytology. The clinical-laboratory stage did not influence the number of fields required for the first visualization of the agent in any of the techniques (p> 0.05) and less parasitic intensity was observed in the cell block slides. The aspiration cytology and biopsy techniques agreed on the estimation of infectivity coefficient in the tissue studied (p< 0.05). Although the cell block technique allows the concentration of cells and better reutilization of samples, it has not been shown to be an adequate method for rapid identification and parasitological quantification in canine visceral leishmaniasis. Considering its advantages, aspiration cytology was the best method for microscopic detection of the parasite and determination of the level of parasite intensity in the tissue studied.<br/><br/><br/>Keywords: dog, parasitological diagnosis, Leishmania
650 ## - ASSUNTO - THESAGRO
Cabeçalho tópico ou nome geográfico CÃO
650 ## - ASSUNTO - THESAGRO
Cabeçalho tópico ou nome geográfico DOENÇA ANIMAL
650 ## - ASSUNTO - THESAGRO
Cabeçalho tópico ou nome geográfico LEISHMANIOSE
650 ## - ASSUNTO - THESAGRO
Cabeçalho tópico ou nome geográfico PARASITO
650 ## - ASSUNTO - THESAGRO
Cabeçalho tópico ou nome geográfico MEDULA ÓSSEA
650 ## - ASSUNTO - THESAGRO
Cabeçalho tópico ou nome geográfico TECNOLOGIA APROPRIADA
773 0# - ENTRADA ANALÍTICA
Host Biblionumber 1643
Registro do item 344677
Imprenta Belo Horizonte-MG Universidade Federal de Minas Gerais - Escola de Veterinaria 1983
Outro identificador 2024-5011
Título Arquivo Brasileiro de Medicina Veterinária e Zootecnia (Brazil)
ISSN 0102-0935
Colação v. 70(5) p. 1362-1368; (2018)
Número de controle de registro BR2024002689
856 ## - ACESSO E ENDEREÇO ELETRÔNICO
Identificador uniforme de recurso - URI https://www.scielo.br/j/abmvz/a/J5cFfKnXXSVZktmphrJXwmr/?format=pdf&lang=pt

Nenhum exemplar disponível.

BINAGRI

Telefone: (61)3218-2567/2388/3357/2097 - binagri@agro.gov.br

Ministério da Agricultura e Pecuária , Esplanada dos Ministérios, Bloco D, Anexo B, Brasília/DF, CEP: 70.043-900